Candice Bergen Filmography - Statistics

General Stats
  • This quiz has been taken 51 times
    6 since last reset
  • The average score is 31 of 174
Answer Stats
Type Year Name % Correct
TV Documentary 2002 Murp
100%
TV Show 1988-1998, 2018 Murphy Brown
100%
Film 2018 Book Club
75%
Film 2023 Book Club 2: The Next Chapter
75%
Film 1971 Carnal Knowledge
75%
TV Film 1987 Mayflower Madam
75%
Film 1978 Oliver's Story
75%
TV Show 1975-2023 Saturday Night Live
75%
TV Show 2002, 2004 Sex and the City
75%
Film 2008 Sex and the City
75%
Film 1979 Starting Over
75%
Award Show 1990 The 42nd Annual Primetime Emmy Awards
75%
Film 1966 The Group
75%
Film 1975 The Wind and the Lion
75%
Film 2014 A Merry Friggin' Christmas
50%
Web Series 2023 And Just Like That...
50%
Film 1978 A Night Full of Rain
50%
Film 2022 As They Made Us
50%
Film 1975 Bite the Bullet
50%
TV Show 2005-2008 Boston Legal
50%
Film 2009 Bride Wars
50%
TV Show 2000 Exhale with Candice Bergen
50%
TV Film 2003 Footsteps
50%
TV Mini-Series 1985 Hollywood Wives
50%
Film 2017 Home Again
50%
TV Show 2011 House
50%
TV Show 2004 Law & Order
50%
TV Show 2005 Law & Order: Trial by Jury
50%
Film 2020 Let Them All Talk
50%
TV Film 1996 Mary & Tim
50%
Film 2000 Miss Congeniality
50%
Film 1981 Rich and Famous
50%
Film 2016 Rules Don't Apply
50%
TV Show 1992 Seinfeld
50%
Film 1970 Soldier Blue
50%
Commercial 1990s Sprint
50%
Film 2002 Sweet Home Alabama
50%
Film 1970 The Adventurers
50%
TV Show 2021 The Conners
50%
Film 2003 The In-Laws
50%
Film 2017 The Meyerowitz Stories (New and Selected)
50%
TV Show 2013 The Michael J. Fox Show
50%
Film 1966 The Sand Pebbles
50%
Film 2008 The Women
50%
Film 2003 View from the Top
50%
TV Show 1965, 1967 What's My Line?
50%
TV Show 2003 Will & Grace
50%
Film 1982 Gandhi
25%
TV Show 1990-1993 Sesame Street
25%
Award Show 1985 The 57th Annual Academy Awards
25%
Film 1977 The Domino Principle
25%
TV Special 1999, 2001, 2003 The Kennedy Center Honors: A Celebration of the Performing Artsf
25%
Film 1968 The Magus
25%
TV Show 1970 The Merv Griffin Show
25%
TV Show 1964 The Mike Douglas Show
25%
TV Show 1976 The Muppet Show
25%
TV Show 1973-1990 The Tonight Show Starring Johnny Carson
25%
Film 1971 T.R. Baskin
25%
TV Show 2002 TV Tales
25%
Documentary Mini-Series 2023 100 Years of Warner Bros.
0%
Film 1974 11 Harrowhouse
0%
Film 1984 2010: The Year We Make Contact
0%
Documentary Series 1996, 1998 60 Minutes
0%
Documentary Series 2005 60 Minutes II
0%
Award Show 2009 8th Annual Ellis Island Family Heritage Awards
0%
Documentary Mini-Series 1994 A Century of Women
0%
TV Special 2017 AFI Life Achievement Award: A Tribute to Diane Keaton
0%
TV Special 1994 AFI Life Achievement Award: A Tribute to Jack Nicholson
0%
TV Special 2010 AFI Life Achievement Award: A Tribute to Mike Nichols
0%
TV Documentary 1998 AFI Life Achievement Award: A Tribute to Robert Wise
0%
TV Documentary 2002 AFI's 100 Years... 100 Passions: America's Greatest Love Stories
0%
TV Special 1999 A Home for the Holidays
0%
Documentary 2019 Alan Pakula: Going for Truth
0%
Documentary Series 2011 America in Primetime
0%
Documentary Series 2020 American Masters
0%
TV Special 1993 Aretha Franklin: Duets
0%
TV Film 1985 Arthur the King
0%
Commercial 2001 B101
0%
TV Show 2015 Battle Creek
0%
TV Film 2015 Beautiful & Twisted
0%
Documentary 1996 Belly Talkers
0%
Documentary 2020 Belushi
0%
TV Film 1991 Big Bird's Birthday or Let Them Eat Cake
0%
Documentary Series 2002 Biography
0%
TV Special 1993 Bob Hope: The First 90 Years
0%
Web Series 2016 BoJack Horseman
0%
TV Show 1979 Camera Three
0%
TV Show 2002 Candice Checks It Out
0%
TV Special 2003 CBS at 75
0%
TV Special 1998 CBS: The First 50 Years
0%
TV Special 1983 Celebrate America: A Star Spangled Entertainment Spectacular
0%
Short Documentary 1991 Changing Minds, Changing Times
0%
TV Special 1990 Comic Relief IV
0%
TV Special 1994 Comic Relief VI
0%
TV Show 1967 Coronet Blue
0%
Commercial 2005 Dallas Morning News
0%
Documentary Series 1967 Dim Dam Dom
0%
TV Show 1975, 1977 Dinah!
0%
Documentary Series 2008 Discovery Atlas
0%
Documentary 2011 Elusive Justice: The Search for Nazi War Criminals
0%
TV Show 2000 Family Guy
0%
TV Special 2002 Gala Paramount Pictures Celebrates 90th Anniversary with 90 Stars for 90 Years
0%
Film 1970 Getting Straight
0%
Theater 2012 Gore Vidal's The Best Man
0%
TV Special 1993 Great Television Moments: What We Watched
0%
TV Special 2003 Great Women of Television Comedy
0%
Film TBA Harvest Moon
0%
Documentary Series 2021 History of the Sitcom
0%
Theater 1984 Hurlyburly
0%
TV Special 1998 Images of Life
0%
TV Documentary 1996 Images of Life: Photographs That Changed the World
0%
TV Documentary 1999 Influences: From Yesterday to Tomorrow
0%
TV Show 1997 Ink
0%
Documentary Series 2015 In Their Own Words
0%
Documentary Series 1997, 1998 Intimate Portrait
0%
Film 1967 Live for Life
0%
Documentary 2015 Live from New York!
0%
TV Special 2005 Live from New York: The First 5 Years of Saturday Night Live
0%
TV Special 1986 Looney Tunes 50th Anniversary
0%
Theater 2014 Love Letters
0%
TV Documentary 1988 Memories Then and Now
0%
TV Film 1985 Merlin and the Sword
0%
Music Video 1991 Monster in the Mirror
0%
TV Film 1985 Murder: By Reason of Insanity
0%
TV Special 1996 Night of About 14 CBS Stars
0%
TV Film 2016 Pearl
0%
Commercial 1970s Polaroid SX-70
0%
Documentary 2014 Richard Attenborough: A Life in Film
0%
TV Special 1999 Saturday Night Live 25
0%
TV Special 2015 Saturday Night Live: 40th Anniversary Special
0%
TV Special 2011 Saturday Night Live Backstage
0%
Documentary 2013 Scatter My Ashes at Bergdorf's
0%
TV Special 1990 Sean Connery: A BAFTA Tribute
0%
TV Film 1993 Sesame Street Jam: A Musical Celebration
0%
TV Show 1993 Shelley Duvall's Bedtime Stories
0%
Web Series 2026 Shrinking
0%
TV Special 1990 Sing! Sesame Street Remembers Joe Raposo and His Music
0%
Film 1985 Stick
0%
TV Special 2009 The 2009 Whitney Museum Gala
0%
TV Special 1997 The 53rd Presidential Inaugural Gala: An American Journey
0%
TV Show 1977 The American Sportsman
0%
TV Special 1999 The Annual Film Society of Lincoln Center Honors Mike Nichols
0%
TV Special 1994 The Annual Friars Club Tribute Presents a Salute to Barbara Walters
0%
TV Special 1997 The Annual Museum of Television and Radio Gala
0%
TV Special 1998 The Annual Museum of TV and Radio Honors: A Salute to Jerry Seinfeld and David E. Kelly
0%
TV Special 1981 The Best of Brazilian Television
0%
TV Special 1981 The City Center Gala
0%
Film 1967 The Day the Fish Came Out
0%
TV Special 1990 The Earth Day Special
0%
TV Special 2007 The Film Society of Lincoln Center Annual Gala Tribute to Diane Keaton
0%
TV Show 1964 The Hollywood Palace
0%
Documentary Mini-Series 2001 The Human Face
0%
Film 1971 The Hunting Party
0%
TV Show 1969 The Joey Bishop Show
0%
Short Documentary 1975 The Lion Roars Again
0%
Short Documentary 1977 The Manipulators
0%
TV Special 2005 The Mark Twain Prize: Lorne Michaels
0%
TV Show 1965 The Match Game
0%
TV Special 1979 The Muppets Go Hollywood
0%
TV Show 1984 The New Show
0%
TV Documentary 2003 The Passions of Louis Malle
0%
Film 2010 The Romantics
0%
TV Special 1981 The Way They Were
0%
TV Special 1969 The Woody Allen Special
0%
TV Show 2003 This Hour Has 22 Minutes
0%
TV Show 1987 Trying Times
0%
Documentary Series 1995 Understanding
0%
TV Documentary 1994 Understanding Sex
0%
Documentary 1994 Understanding: Viruses
0%
Short Documentary 1947 Unusual Occupations
0%
Short Documentary 1968 Wedding of the Doll
0%
Documentary 1995 Who Is Henry Jaglom?
0%
TV Special 2006 William Shatner in Concert
0%
TV Show 1958 You Bet Your Life
0%
No matching quizzes found
Score Distribution
Percent of People with Each Score
Percentile by Number Answered
Your Score History
You have not taken this quiz since the last reset